00685nam a2200205 a 450000100100000000500170001000800410002702000150006804000250008308200210010810000300012924000320015924500810019124600320027225000110030426000270031530000340034250000760037670000270045200004147320201002034924.0131007s1976 sp ac 000 0 spa d a847408007X aDO-SdBNPbspacBNPHU axxxbS847n, 19761 aStevenson, Williamd1925-10a90 minutes at Entebbe.leng10a90 minutos en entebbe /cWilliam Stevenson ; traducido por Marcelo Covián.10aNoventa minutos en Entebbe. a2a ed. aMadridaCosmos,c1976. a328 p.ail., retrs. ;c21 cm. aIncluye datos biográicos del autor en la solapa de la contracubierta.12aCovián, Marceloetr.